Aritmética elemental

Gespeichert in:
Bibliographische Detailangaben
1. Verfasser: Baterrica, José (VerfasserIn)
Format: Buch
Sprache:Spanisch
Erschienen: Santiago Imprenta Valparaiso de Federico T. Lathrop 1906
Ausgabe:28° ed,
Katalog:MANES:  Suchergebnis im Bibliothekskatalog
Schulbuchspezifische Eigenschaften:
Tags: Tag hinzufügen
Keine Tags, Fügen Sie den ersten Tag hinzu!
Hinzugefügt zu:26.04.2020
Geändert in:25.04.2025

MARC

LEADER 00000nam a22000007a 4500
005 20250425101503.0
008 200427b ||||| |||| 00| 0 spa d
040 |a MGM 
561 |5 cl-MGM  |3 T510 B325a 1906  |a Chile. Museo Gabriela Mistral  |k MANES 
999 |c 88549  |d 88549 
100 |9 31152  |a Baterrica, José  |e autor 
245 |a Aritmética elemental  
250 |a 28° ed, 
260 |a Santiago  |b Imprenta Valparaiso de Federico T. Lathrop  |c 1906 
300 |a 105 p.  |c 18*12,5 
521 |a Dedicada a los alumnos del Instituto Nacional.  
546 |a Chile  
690 0 |a MATE 
691 |a SE 
942 |2 ddc  |c BK 
999 |c manes:88549  |d 88549